Countries with FIA grade 1 Circuits - Statistics

General Stats
  • This quiz has been taken 15 times
  • The average score is 26 of 31
Answer Stats
Circuits Country % Correct
1 Australia
100%
2 United Arab Emirates
100%
1 United Kingdom
100%
4 United States
100%
1 Bahrain
93%
1 Belgium
93%
1 Brazil
93%
1 China
93%
2 Germany
93%
1 India
93%
3 Italy
93%
2 Japan
93%
1 Mexico
93%
2 Portugal
93%
1 Qatar
93%
1 Russia
93%
1 Saudi Arabia
93%
4 Spain
93%
1 Austria
86%
1 Canada
86%
2 France
86%
1 Singapore
86%
1 Azerbaijan
79%
1 Hungary
79%
1 Malaysia
79%
1 Turkey
79%
1 Monaco
71%
1 Netherlands
71%
1 Vietnam
64%
1 Thailand
43%
1 Kuwait
29%
No matching quizzes found
Score Distribution
Percent of People with Each Score
Percentile by Number Answered
Your Score History
You have not taken this quiz